000 00459nam a2200157 a 4500
001 000032159
005 20200930063459.0
008 110713s1936 dr c 000 0 spa d
040 _aDO-SdBNP
_bspa
_cBNPHU
082 _axxxx
_bS586r
100 1 _aSilva, Damian
_958260
245 1 0 _aRecuerdo de una apoteosis /
_cDamian Silva, Max Uribe.
260 _a[Ciudad Trujillo :
_bEditorial "Caribes",
_c1936].
300 _a93 p. :
_bretrs. ;
_c24 cm.
049 _aBNPD
999 _c31650
_d31650